[Event "Clichy Open"]
[Site "Clichy FRA"]
[Date "1991.??.??"]
[Round "5"]
[White "Oll, Lembit"]
[Black "Kaunas, Kestutis"]
[Result "1-0"]
[WhiteElo "2560"]
[BlackElo "2335"]
[EventDate "1991.06.??"]
[PlyCount "75"]
[EventType "swiss"]
[EventRounds "9"]
[EventCountry "FRA"]
[Source "ChessBase"]
[SourceDate "1994.03.01"]
[WhiteTeamCountry "GER"]
[BlackTeamCountry "GEO"]

1. e4 Nf6 2. e5 Nd5 3. d4 d6 4. Nf3 Bg4 5. Be2 Nc6?! ( 5. ... e6 ) 6. O-O 
{The so called "Modern Variation" is the most popular in modern practice 
of the Alekhine's Defense. White obtains the strong center and good 
prospects on the queenside. The further scenario depends on who will be 
the first: either White conducts the favorable for him d4-d5 advance or 
Black forestalls the enemy with the blockading d6-d5 counterblow. } 6. ...
 e6 7. c4 Nb6 8. exd6! cxd6 9. d5! {Exploiting the knight position on c6. 
} 9. ... exd5 10. cxd5 Bxf3 11. gxf3 ( 11. Bxf3 Ne5 12. Be4 Be7 13. Nc3 
O-O += ) 11. ... Ne5 12. Bb5+ Nbd7 ( 12. ... Ned7 13. Qd4! Qf6 14. Re1+ 
Be7 15. Qxf6 gxf6 16. Nc3 Kd8 17. f4 += ) 13. Re1 Be7 14. f4! Ng6 15. f5! 
Ne5 16. Nc3 a6 ( 16. ... O-O? 17. f4 +- ) 17. Bxd7+ Nxd7 18. Bg5 f6 19. 
Qh5+ Kf8 20. Bd2 +/- Qe8 21. Qh3 Qf7 22. Re3 Kg8 23. Ne2! Ne5 24. Nf4 g5 
25. Rg3 h5 26. Bc3 h4 27. Rg2 Kh7 28. Ne6 Qh5 29. f4! g4 30. fxe5! +- Rhg8
( 30. ... gxh3 31. Rg7+ Kh6 32. Bd2+ +- ) 31. Qd3 dxe5 32. d6 Bd8 33. Qe4 
Bb6+ 34. Kh1 Rab8 35. d7 h3 36. Rg3 Bf2 37. Rd1 Bxg3 38. hxg3 1-0

[Event "Sarajevo 12th"]
[Site "Sarajevo BIH"]
[Date "1969.??.??"]
[Round "4"]
[White "Janosevic, Dragoljub"]
[Black "Korchnoi, Viktor"]
[Result "0-1"]
[WhiteElo "2472"]
[BlackElo "2686"]
[EventDate "1969.03.??"]

1. e4 Nf6 2. e5 Nd5 3. d4 d6 4. Nf3 Bg4 5. Be2 e6 6. c4 Nb6 7. exd6 cxd6 
8. O-O Be7 {Black finishes his kingside development and does not hurry to 
define a position of the b8-knight. } 9. Be3 O-O 10. Nc3 d5! {The 
d5-square is crucial in the Alekhine's Defense, therefore Black begins to 
fight for it even before he has completed his development. } 11. c5 Bxf3 
12. Bxf3 Nc4 13. b4 ( 13. b3 Nxe3 14. fxe3 Nc6 15. a3 b6 16. cxb6 axb6 17.
 Nb5 Bg5 18. Re1 Qd7 19. Qd3 Rfc8 20. e4 Ne7 {1/2-1/2(33) Radovici, Corvin
(2460) - Bagirov, Vladimir (2532) / Rubinstein Memorial 07th (9), Polanica
Zdroj POL 1969} ) 13. ... a6 14. Qb3 Bg5 15. Rfc1 Nc6 16. Rd1 b6! {
Undermining the white pawn chain, Black lessens the value of the 
opponent's queenside pawn majority. } 17. cxb6 Nxb6 =+ 18. Be2 Bf6 19. a3 
g6 20. Bf1 Qe7 21. Ne2 Rfc8 22. Kh1?! a5! 23. b5 a4! 24. Qa2 Na5 -/+ 25. 
Bd2 Nb3 26. Bb4 Qd7 27. Qb1 Nc4 28. Rd3 Qxb5 29. Nc3 Qb7 30. Nxa4 Nxd4 31.
 Nc5 Qa7 32. Nb3 Nb5 33. Rf3 Nbxa3 34. Qa2 Bg7 35. h4 Ne5 0-1

[Event "URS-ch38"]
[Site "Riga LAT"]
[Date "1970.??.??"]
[Round "12"]
[White "Karpov, Anatoly"]
[Black "Bagirov, Vladimir"]
[Result "1-0"]
[WhiteElo "2629"]
[BlackElo "2527"]
[EventDate "1970.11.25"]

1. e4 Nf6 2. e5 Nd5 3. d4 d6 4. Nf3 Bg4 5. Be2 e6 6. O-O Be7 7. c4 Nb6 8. 
exd6 cxd6 9. Nc3 O-O 10. Be3 d5 11. c5 Bxf3 12. Bxf3 Nc4 13. Bc1! {Keeping
his bishop pair, White intends to oust the black knight from c4. } ( 13. 
Bf4 Nc6 14. b3 N4a5 15. Rb1 Bf6 16. Be3 b6 17. cxb6 Qxb6 18. Na4 Qb4 19. 
a3 Qd6 20. Nc5 Rfc8 {1/2-1/2(56) Geller, Efim P (2644) - Korchnoi, Viktor 
(2668) / Stockholm Interzonal (6), Stockholm SWE 1962} ) 13. ... Nc6 14. 
b3 N4a5 15. Be3 b6! 16. Na4! Rb8 17. Rc1! {It is important for White to 
hold his outpost on c5 which secures him a spatial advantage on the 
queenside. } ( 17. cxb6 axb6 = ) 17. ... bxc5?! ( 17. ... b5! 18. Nc3 Bg5 
19. Qd2 Bxe3 20. fxe3 f5 {Boleslavsky} ) 18. Nxc5 Bf6 19. a3! Ne7 20. Be2 
Nf5 21. b4 Nb7?! ( 21. ... Nc4! 22. Bxc4 dxc4 23. Rxc4 Qd5 24. Qd3 Rfd8 ) 
22. Bf4! Nbd6 23. Be5! Bxe5 24. dxe5 Nb7 ( 24. ... Ne4 25. Nb3 +/- ) ( 
24. ... Nb5 25. Bxb5 Rxb5 26. Qa4 Rb8 27. Nd7 Qe8 28. Qxa7 Ra8 29. Qb7 Qe7
30. Rc7! +/- ) 25. Nb3 Qb6 26. Bd3 Ne7 ( 26. ... a5!? 27. Bxf5 exf5 28. 
Qd4 Qxd4 29. Nxd4 axb4 30. axb4 Nd8 +/- ) 27. Qg4 f5 ( 27. ... f6 28. Qh4 
Ng6 29. Bxg6 hxg6 30. Qg3 +/- ) 28. Qd4 +/- Nd8 29. b5 g5 30. a4 Ng6 31. 
Qa1 Qb7 32. Rfe1 Qg7 33. Nc5 Rf7 34. a5 Re7 35. Na6 Ra8 36. Bf1 Nf7 37. 
Nc7 Rd8 38. Rc6 Nf8 39. b6 axb6 40. a6 Nh6 41. Rec1 Ng4 42. a7 Nxe5 43. 
R6c2 Nc4 44. a8=Q Rxa8 45. Nxa8 b5 46. Ra2 Rb7 1-0

[Event "URS-YUG"]
[Site "Erevan ARM"]
[Date "1971.??.??"]
[Round "?"]
[White "Gipslis, Aivars"]
[Black "Marovic, Drazen"]
[Result "1-0"]
[WhiteElo "2588"]
[BlackElo "2502"]
[EventDate "1971.??.??"]
[PlyCount "67"]
[EventType "team"]
[EventRounds "6"]
[EventCountry "URS"]
[Source "ChessBase"]
[SourceDate "1998.11.10"]
[WhiteTeamCountry "HUN"]
[BlackTeamCountry "URS"]

1. e4 Nf6 2. e5 Nd5 3. d4 d6 4. Nf3 Bg4 5. Be2 e6 6. O-O Be7 7. c4 Nb6 8. 
Nc3 O-O 9. Be3 {This plan poses the most serious problems for Black. White
does not hurry to exchange on d6 and completes his development.} 9. ... 
Nc6 10. exd6! cxd6 11. d5! {A soon as the knight has appeared on c6, White
conducts the standard advance in the center. } 11. ... exd5 ( 11. ... Bxf3
12. Bxf3 Ne5 13. dxe6 fxe6 14. Bg4! Nexc4 15. Bxe6+ Kh8 16. Bxb6 Nxb6 17. 
Qb3 Bf6 18. Rad1 += Bxc3 19. Qxc3 Rf6 20. Rfe1 Na4 {0-1(77) Timman, Jan H 
(2445) - Bagirov, Vladimir (2510) / Tbilisi (1), Tbilisi GEO 1971} ) 12. 
Nxd5 Nxd5 13. Qxd5! ( 13. cxd5 Bxf3 14. Bxf3 Ne5 15. Be2 f5 16. f4 Nd7 17.
 Qb3 Bf6 = 18. Bf3 Re8 19. Rfe1 Qa5 20. Kf1 Nb6 {1/2-1/2 Short, Nigel D 
(2585) - Hort, Vlastimil (2545) / Dortmund (?), Dortmund GER 1986} ) 
13. ... Qc7 14. Rad1 Rad8 15. Rd2 {The weakness of the d6-pawn and 
d5-square secures White an enduring advantage in the middlegame.} 15. ... 
Ne5 16. b3 Be6 17. Qd4 b6 18. Rfd1 h6 19. h3 f5 20. Qb2 f4 21. Bd4 Bf6 22.
 Bc3 Nxf3+ 23. Bxf3 Bxc3 24. Qxc3 Rf6 25. a4 a6 26. Rd3! Bf7 27. Qd2 Qc5 
28. Rd4 Qe5 29. Re1! Qc5 30. Re7 Kf8 31. Rb7 g5 32. b4 Qc8 33. Rxb6 Bxc4 
34. Rc6 1-0

[Event "San Antonio"]
[Site "San Antonio, TX USA"]
[Date "1972.??.??"]
[Round "?"]
[White "Browne, Walter S"]
[Black "Hort, Vlastimil"]
[Result "0-1"]
[WhiteElo "2530"]
[BlackElo "2600"]
[EventDate "1972.??.??"]

1. e4 Nf6 2. e5 Nd5 3. d4 d6 4. Nf3 Bg4 5. Be2 e6 6. O-O Be7 7. c4 Nb6 8. 
Nc3 O-O 9. Be3 Nc6 10. exd6 cxd6 11. d5 exd5 12. Nxd5 Nxd5 13. Qxd5 Bf6 {
To set off his weaknesses, Black has to play very vigorously.} 14. Rfd1 ( 
14. Qd2 Qa5 15. Qxa5 Nxa5 16. Rab1 Rfe8 17. b3 Nc6 18. Rbd1 Rad8 19. h3 
Bf5 20. g4 Bg6 21. Bd3 Bxd3 22. Rxd3 Nb4 23. Rd2 Bc3 24. Rdd1 b6 25. Nd4 
Nxa2 {1/2-1/2(35) Borriss, Martin Dr (2375) - Baburin, Alexander (2520) / 
Berliner Sommer 10th (?), Berlin GER 1992} ) 14. ... Rc8 ( 14. ... Be6 15.
 Qd2 Qa5 16. Nd4 Qxd2 17. Rxd2 Bxd4 18. Bxd4 Rfd8 19. Rad1 Rd7 20. Bc3 
Rad8 21. f4 +/- f6 22. b3 Ne7 23. Bb4 Nc8 24. Bf3 Kf7 25. Kf2 g6 {1-0(35) 
Liberzon, Vladimir M (2568) - Vaganian, Rafael A (2542) / URS-ch38 (1), 
Riga LAT 1970} ) 15. Rd2 ( 15. Qxd6 Qxd6 16. Rxd6 Bxb2 17. Rb1 Ba3! 18. 
Rd3 Bf5! ) 15. ... Qa5 16. Qxd6?! Bxf3! 17. Bxf3 Rcd8! 18. Qf4 Be5 19. 
Rxd8 ( 19. Qg5 h6! ) 19. ... Bxf4 20. Rxf8+ Kxf8 21. Bxf4 Nd4! 22. Bd6+ ( 
22. Bxb7? Ne2+ -+ ) ( 22. Rd1 Nxf3+ 23. gxf3 Qxa2 ) 22. ... Ke8 23. Bd5 ( 
23. Bxb7? Qb6 24. Re1+ Ne6 ) 23. ... Qd2! 24. b3 Kd7 25. Be5 Ne2+ 26. Kf1 
( 26. Kh1 f6 27. Bg3 Nc1! 28. h3 Qb2 -+ ) 26. ... Qd3 27. Ke1 Ng1! -/+ 28.
 Bf3 Nxf3+ 29. gxf3 Ke6 30. Bxg7 f6 31. Rd1 Qxf3 32. Bf8 Qh1+ 33. Ke2 Qxh2
34. Bb4 Qh5+ 35. Ke1 Qh1+ 36. Ke2 Qe4+ 37. Kf1 Kf5 38. Rd5+ Kg4 39. Bc5 
Kf3 40. Kg1 Qg6+ 0-1

[Event "World Championship 28th"]
[Site "Reykjavik ISL"]
[Date "1972.08.27"]
[Round "19"]
[White "Spassky, Boris V"]
[Black "Fischer, Robert J"]
[Result "1/2-1/2"]
[WhiteElo "2660"]
[BlackElo "2785"]
[EventDate "1972.07.11"]
[Annotator "ChessBase"]
[EventType "match"]
[EventRounds "21"]
[EventCountry "ISL"]
[Source "ChessBase"]
[SourceDate "1999.07.01"]

1. e4 Nf6 2. e5 Nd5 3. d4 d6 4. Nf3 Bg4 5. Be2 e6 6. O-O Be7 7. h3! {An 
important improvement. White intends to use an inclusion of h3 and Bh5 to 
his benefit. 
} 7. ... Bh5 ( 7. ... Bxf3 8. Bxf3 Nc6 9. c4 Nb6 10. Bxc6+ bxc6 11. b3 O-O
12. Nc3 a5?! 13. Be3 Nd7 14. Qh5! +/- {Vasjukov-Torre/Manila/1974/} ) 8. 
c4 Nb6 9. Nc3 O-O ( 9. ... dxe5 10. Nxe5 Bxe2 11. Qxe2 Qxd4 12. Rd1 Qc5 
13. b4 Qxb4 14. Nb5 {+/-/+- Timman} ) 10. Be3 d5! ( 10. ... Nc6?! { 
because White wins an important tempo attacking the bishop on h5} 11. exd6
cxd6 12. d5 Bxf3 ( 12. ... exd5 13. Nxd5 Nxd5 14. Qxd5 +/- Bg6 15. Rad1 
+/- ) 13. Bxf3 Ne5 14. dxe6 fxe6 15. Bg4 +/- {Timman} ) 11. c5 ( 11. cxd5 
Nxd5 12. Qb3 Nb6 13. Rfd1 Qc8 14. d5 Nxd5 15. Nxd5 exd5 16. Rxd5 Nc6 {
Sznapik-Schmidt/Polen ch/1977/} ) 11. ... Bxf3 {To obtain counterplay, 
Black has to secure the c4-square for his knight, because its retreats to 
c8 or d7 are too passive. } ( 11. ... Nc4 12. Bxc4 dxc4 13. Qe2 +/- ) 12. 
Bxf3 Nc4 13. b3! {Purdy} ( 13. Bf4 Nc6 14. b3 N4a5 15. Rc1 b6 16. Na4! ( 
16. Qd2 bxc5 17. dxc5 Rb8! 18. Bxd5 exd5 19. Nxd5 Rb5! 20. b4 Nxb4 21. 
Nxb4 Qxd2 22. Bxd2 Rxc5 = {Geller-Timman/Wijk aan Zee/1973} ) 16. ... Bg5 
17. Bxg5 Qxg5 18. Qd3 Rab8 19. Bg4 Qf4 20. Rfd1 f5 21. exf6 Rxf6 22. Qe3 
+/- {Geller-Timman/Teeside/1975/} ) ( 13. Bc1?! b6 = {Purdy} ) 13. ... 
Nxe3 14. fxe3 b6 ( 14. ... f6 15. Bg4 ( 15. e4 dxe4 16. Bxe4 ( 16. Nxe4 
fxe5 17. dxe5 Nc6 ) 16. ... Nc6 17. Bxc6 bxc6 18. Qg4 f5 = {Timman} ) ( 
15. exf6 Bxf6 16. Bg4 Qe7 = {Timman} ) 15. ... Qd7 ( 15. ... f5 16. Be2 
+/- ) 16. exf6 ( 16. e4? dxe4 17. exf6 gxf6! ) 16. ... Bxf6 17. b4 += {
Timman} ) ( 14. ... Nc6 {Petrosjan} 15. Rb1 ( 15. b4 Nxb4 16. Rb1 Nc6 17. 
Rxb7 Na5 ) 15. ... a5 ( 15. ... b6 16. b4 {/\ 17.Qa4 +/- Timman} ) ( 
15. ... f6 16. exf6 Bxf6 17. b4 Ne7 18. Bg4 Qd7 19. Kh1 Rad8 20. e4 dxe4 
21. Qb3 Kh8 22. Nxe4 Nd5 = {Olafsson - Andersson, Nice (ol) 1974} ) 16. a3
b6 17. b4 axb4 18. axb4 bxc5 19. bxc5 Ra3 = {Petrosian} ) 15. e4! {To use 
his development lead, White needs to open up the game.

Timman/Purdy} ( 15. b4 a5 16. a3 ( 16. Qa4 Nd7 ) 16. ... axb4 17. axb4 Nc6
! = {Timman} ) 15. ... c6 ( 15. ... bxc5 16. exd5 cxd4 17. dxe6! ( 17. d6 
cxd6 18. Bxa8 dxc3 ~ ) 17. ... c6 18. exf7+ Rxf7 19. Ne4 +/- ) 16. b4 ( 
16. exd5 cxd5 17. b4 Nc6 ) 16. ... bxc5 ( 16. ... a5?! 17. a3 ( 17. b5 
bxc5 18. bxc6 cxd4 19. exd5 ( 19. Nxd5 -/+ ) 19. ... dxc3 20. d6 Nxc6! 21.
 dxe7 Qxe7 -/+ {Timman} ) 17. ... axb4 18. axb4 Rxa1 19. Qxa1 Bg5 20. Re1 
+/- {Timman} ) 17. bxc5 Qa5 {! Purdy} ( 17. ... Nd7 {>= Purdy} 18. Qa4 +/-
Qc7 19. Rab1 Rab8 20. Qa6 ↑ {Timman} ) 18. Nxd5! {!! Purdy - White's 
blows on d5 are often seen in this variation. } ( 18. Qe1 ⌓ {Olafsson} 
18. ... Bg5 ( 18. ... Qb4 19. Rd1 a5 20. exd5 cxd5 21. Bxd5! exd5 22. Nxd5
Qb7 23. Qe4 Ra7 24. Rb1 {+/-/+- Timman/Olafsson} ) ( 18. ... Qd8 ⌓ 19. 
Rb1 +/- {Timman} ) 19. exd5 cxd5 20. Nxd5 Qxe1 21. Raxe1 exd5 22. Bxd5 Na6
23. e6! +- ( 23. Rxf7 Rxf7 24. Bxa8 Kf8 ~ ) 23. ... Rad8 24. Rf5 {
Olafsson/ Timman} ( 24. Bc4 {/\ 25.e7} ) ) ( 18. Qd3 Na6 ) 18. ... Bg5! ( 
18. ... exd5 19. exd5 cxd5 20. Bxd5 Nd7 21. Rxf7! +/- ( 21. Bxa8?! ) 
21. ... Rxf7 22. Bxa8 Kh8 23. Qh5 Rf8 24. Be4 +- {Purdy} ) 19. Bh5! {
Timman} ( 19. Qd3 {! Purdy} 19. ... Na6 ( 19. ... Rd8 20. Bh5! g6 21. Qf3!
{+- Gligoric} ) ( 19. ... exd5! 20. exd5 Na6 21. dxc6 Rad8 = {Purdy} ) 20.
 Qc4 ( 20. Ne3 Rad8 ( 20. ... Nb4 21. Nc4 Qxc5 22. Qc3 Be3+ 23. Qxe3 Qxc4 
24. Be2 Nc2 25. Bxc4 Nxe3 26. Rfc1 Rfd8 27. Kf2 += ) 21. Nc4 Qxc5 22. Nd6 
Nb4 -/+ {Timman} ) 20. ... Qb5! ( 20. ... cxd5 21. exd5 exd5 22. Bxd5 {
+/-/+-} 22. ... Qc7 23. e6! ) 21. Qxb5 cxb5 = {Timman} ) ( 19. Qe2 Na6 20.
 Ne3 Qc3! 21. Nc2 Nb4 -/+ {Timman} ) ( 19. Qe1 Qd8 -/+ {Timman} ) ( 19. h4
!? {Krogius} 19. ... Bxh4 20. Qe2 ( 20. Ne3?! Qc3! 21. Nc2 Na6 -/+ {Purdy}
) 20. ... Na6 21. Ne3 ⇄⇄ {Timman} ) 19. ... cxd5 ( 19. ... g6? 20. 
Nf6+ +- {Timman} 20. ... Kg7 ( 20. ... Bxf6 21. exf6 ) 21. Qg4 {Korchnoi} 
) 20. Bxf7+ ( 20. exd5 ⌓ Na6 {Nej} ( 20. ... exd5 21. Bxf7+ Rxf7 22. 
Rxf7 Nc6 ( 22. ... Qd2 23. Qg4 ( 23. Rc7 Na6 24. Rb7 Be3+ 25. Kh1 Qxd4 26.
 Qxd4 Bxd4 27. Rd1 Nxc5 28. Rc7 Na6 = ) 23. ... Nc6 ( 23. ... Kxf7 24. 
Rf1+ Ke7 25. Qf5 +- {Timman} ) 24. Rd1!! Qe3+ 25. Kh1 Kxf7 26. Rf1+ Kg8 ( 
26. ... Ke7 27. Qf5 {+/-/+-} ) 27. Qe6+ Kh8 28. Qxc6 Rd8 ( 28. ... Rg8 29.
 Qxd5 Bf4 30. Qf3 ) 29. Qb7! ( 29. Qxd5 g6 ) 29. ... Qxd4 30. c6 Qb6 ( 
30. ... Qc4 ) 31. Rb1 Qxb7 32. Rxb7 +- {Timman} ) 23. Qf3! ( 23. Qh5 Nxd4 
24. Raf1 Bh6! ( 24. ... Ne6?? 25. Rxg7+ Nxg7 26. Qf7+ Kh8 27. Qf8+ Rxf8 
28. Rxf8# {Timman} ) ) 23. ... Qb4 24. Rf1 Qxd4+ 25. Kh1 Qxc5 26. Rc7! +- 
{Timman} ) 21. Bxf7+ ( 21. dxe6 fxe6 22. Qg4 Be3+ 23. Kh1 Nc7 = {Nej} ) ( 
21. d6 g6 = ) 21. ... Rxf7 22. Rxf7 Kxf7 23. Qh5+ Kg8 24. Qxg5 Qc3 25. Rd1
exd5 26. e6 Nc7 27. Qe5 {+/-/+- Timman} ) ( 20. Rxf7 -/+ Nc6 ) 20. ... 
Rxf7 ( 20. ... Kh8 21. exd5 +- ) 21. Rxf7 Qd2! {Timman} ( 21. ... Be3+ 22.
 Kh2 ( 22. Kh1 Kxf7 23. Qh5+ Ke7 24. Rf1 Kd8 25. Qf7 +-- ) 22. ... Kxf7 
23. Qh5+ Ke7 24. Rf1 Nd7 25. Qf7+ Kd8 26. c6 +- {Timman} ) ( 21. ... Nc6 
22. Qg4 ( 22. Qh5 {Olafsson} ) 22. ... Kxf7 23. Rf1+ Kg8 24. Qxe6+ {+/-/+-
Timman} ) ( 21. ... Qc3 22. Rf1! {Olafsson / \ 23.Qa4, 23.Qg4, 23.Qh5} ( 
22. exd5 exd5 23. Rb1 Nc6 24. Rbb7 Bh6 25. Qg4 Qxd4+ 26. Qxd4 Nxd4 27. 
Rxa7 ~ {Nej, +/= Timman} ) 22. ... Nc6 23. Qg4! Qxd4+ 24. Kh1 Qxe5 25. 
exd5 exd5 ( 25. ... Qxd5 26. Rad1 Qe5 27. Qf3 +- ) 26. Rae1 Be3 27. Qf3 +-
{Timman} ) ( 21. ... Kxf7? 22. Qh5+ ) 22. Qxd2 {!! Purdy} ( 22. Rc7 Na6 
23. Rc6 Nb4 24. Rxe6 dxe4 {<=>/=/+ Timman} ) ( 22. Qh5? Qxd4+ 23. Kh2 
Qxe5+ 24. g3 Qb2+! -+ {Purdy} ) 22. ... Bxd2 23. Raf1 Nc6 24. exd5 = ( 24.
 Rc7 dxe4 {Olafsson} ( 24. ... Nxd4 25. Rff7 Bh6 26. exd5 exd5 27. Rxa7 
+/- {Byrne/Nej vgl. Anmerkung zu 21...Qd2!, Variante 21... Qc3} ) ( 
24. ... Nd8 25. Re7 ( 25. exd5 exd5 26. Rd7 {+/-/ Timman} ) 25. ... Nc6 
26. Rxe6 ( 26. Rc7 = ) 26. ... Nxd4 27. Re7 Be3+ 28. Kh1 dxe4 29. Rff7 Ne6
! -/+ {Byrne/Nej} ) 25. Rxc6 e3 26. Rf4!! ( 26. Rxe6 e2 27. Rb1 Rf8 {/\ 
28. ... Rf1, 29.... Be3 -+} ) 26. ... e2 27. Re4 e1=Q+ 28. Rxe1 Bxe1 29. 
Rxe6 +/- {Timman} ) 24. ... exd5 25. Rd7 ( 25. e6 Re8 26. Rc7 Nxd4 27. e7 
Ne6 =+ ) ( 25. R7f3 Nxd4 26. Rd3 Bb4 =+ ) 25. ... Be3+ 26. Kh1 Bxd4 27. e6
{/\ 28.Rd6 Purdy} 27. ... Be5! ( 27. ... Bxc5 28. Rc1 +- ) ( 27. ... Re8 
28. Rxd5 ) 28. Rxd5 Re8 29. Re1 Rxe6 30. Rd6! Kf7 {! Purdy} ( 30. ... Rxd6
31. cxd6 Kf8 ( 31. ... Bxd6?? 32. Re6 {Purdy} ) ( 31. ... Kf7 32. Rc1 ~ {
/\ 33.Rc7 Purdy} ) 32. Rc1 Nd8 33. Rc8 Ke8 34. Rc7 {+/-/ Timman} ) 31. 
Rxc6 Rxc6 32. Rxe5 Kf6 33. Rd5 Ke6 34. Rh5 h6 35. Kh2 Ra6 36. c6 Rxc6 37. 
Ra5 a6 38. Kg3 Kf6 39. Kf3 Rc3+ 40. Kf2 Rc2+ 1/2-1/2

[Event "Petropolis Interzonal"]
[Site "Petropolis"]
[Date "1973.07.30"]
[Round "6"]
[White "Geller, Efim P"]
[Black "Bronstein, David I"]
[Result "1-0"]
[WhiteElo "2585"]
[BlackElo "2585"]
[EventDate "1973.07.23"]

1. e4 Nf6 2. e5 Nd5 3. d4 d6 4. Nf3 Bg4 5. Be2 e6 6. O-O Be7 7. h3 Bh5 8. 
c4 Nb6 9. Nc3 O-O 10. Be3 d5 11. c5 Bxf3 12. Bxf3 Nc4 13. Bf4! {White 
should avoid exchanges, because the black pieces lack space for 
maneuvering. } ( 13. Bc1 { slows down the queenside development and gives 
Black an opportunity to obtain counterplay undermining the white center 
with b7-b6 and f7-f6: } 13. ... b6! 14. b3 Na5 ) 13. ... Nc6 ( 13. ... 
Nxb2 14. Qb3 Nc4 15. Qxb7 Nd7 +/- ) 14. b3 N4a5 15. Rc1 b6 16. Na4! {And 
again, White tries to hold his outpost on c5 which secures him a spatial 
advantage on the queenside. } 16. ... b5? {A strategic mistake. Since the 
queenside has been blocked, White does not have to worry about the 
c5-square, and the only thing he has to care is his e5-outpost.} ( 16. ...
 Bg5!? 17. Bxg5 Qxg5 18. Qd3 Rab8 19. Bg4 Qf4 20. Rfd1 f5 21. exf6 Rxf6 
22. Qe3 Re8 23. cxb6 axb6 24. Nc3 Qd6 25. Nb5 Qd8 {1-0(53) Geller, Efim P 
(2600) - Timman, Jan H (2510) / Teeside (9), Teesside ENG 1975} ) ( 
16. ... f6!? 17. exf6 Bxf6 18. cxb6 cxb6 19. b4 Nxb4 20. Qe1 Nd3 21. Qxe6+
Kh8 22. Bc7 Qc8 23. Qxd5 Nxc1 24. Rxc1 +/- {Tseshkovsky - Alburt, USSR 
1974} ) 17. Nc3 b4 18. Ne2 f6 19. exf6 Bxf6 20. Bg4 Qd7 21. Qd3 a6 22. 
Rce1 Qf7 23. Bh2 Rfe8 24. Rd1 Nb7 25. Kh1 {An introduction to a kingside 
pawn storm. } 25. ... Nbd8 26. f4 g6 27. Bf3 Ne7 28. g4 +/- Ndc6 29. f5! 
exf5 ( 29. ... e5!? 30. dxe5 Nxe5 31. Bxe5 Bxe5 32. fxg6 Qxg6 33. Qxg6+ 
hxg6 34. Bxd5+ Nxd5 35. Rxd5 +/- ) 30. Bxc7 Kh8 31. Bh2 Red8 32. Qe3 g5 
33. gxf5 Nxf5 34. Qf2 Ng7 35. Bg4 Rf8 36. Be5 Ne8 37. Ng3 Ra7 38. Bh5 Qg8 
39. Qb2 ( 39. Bxe8?! Nxe5 40. dxe5 Bg7 ) 39. ... Bxe5 ( 39. ... Nxe5 40. 
dxe5 Bg7 41. Nf5 +- ) 40. dxe5 d4 41. Rxf8 Qxf8 42. Rf1 Qg8 43. Qf2 Ng7 
44. Bf7 Qd8 45. Bc4 Ra8 46. Ne4 Nh5 47. Qf7 ( 47. Nd6 +- ) 47. ... Nf4 48.
 Qb7 Na5 49. Qf7 Ng6 50. Bd5 Rc8 51. Nd6 Rc7 ( 51. ... Rxc5 52. Qa7! Qc7 
53. Qa8+ +- ) 52. Qf5 Qe7 53. Nf7+ Kg7 54. Nxg5 Rd7 55. e6 Rc7 56. Nxh7 
1-0

[Event "Hoogovens-B"]
[Site "Wijk aan Zee NED"]
[Date "1975.01.??"]
[Round "1"]
[White "Enklaar, Bert"]
[Black "Schmidt, Wlodzimierz"]
[Result "0-1"]
[WhiteElo "2410"]
[BlackElo "2465"]
[EventDate "1975.01.??"]

1. e4 Nf6 2. e5 Nd5 3. d4 d6 4. Nf3 Bg4 5. Be2 e6 6. c4 Nb6 7. O-O Be7 8. 
h3 Bh5 9. Nc3 O-O 10. Be3 d5 11. c5 Bxf3 12. Bxf3 Nc4 13. Bf4 b6! {In 
order not to give the opponent time for fortifying the c5-outpost, Black 
undermines it even before he has completed his own queenside development.}
14. b3 Na5 15. Rc1 ( 15. b4 Nc4 16. Rc1 c6 17. Be2 a5 18. Bxc4 dxc4 19. a3
axb4 20. axb4 Na6 21. b5 Nb4 22. bxc6 bxc5 23. c7 Qxd4 24. Qxd4 cxd4 25. 
Nb5 c3 {0-1(40) Lukin, Andrei M (2450) - Bagirov, Vladimir (2490) / URS Ch
otbor (?), Chelyabinsk RUS 1975} ) ( 15. Na4 Nd7! 16. Qd2 Nc6 17. b4 bxc5 
18. bxc5 Rb8 19. Rab1 Rxb1 20. Rxb1 Qa8! 21. Be3 Rb8 += ) ( 15. b4 Nc4 16.
 Rc1 c6 17. Be2 a5 18. Bxc4 dxc4 19. a3 axb4 20. axb4 Na6 21. b5 Nb4 22. 
bxc6 bxc5 23. c7 Qxd4 24. Qxd4 cxd4 25. Nb5 c3 {0-1(40) Lukin, Andrei M 
(2450) - Bagirov, Vladimir (2490) / URS Ch otbor (?), Chelyabinsk RUS 1975
} ) 15. ... bxc5 16. dxc5 Nac6 17. Re1 Bg5! {The bishop exchange stresses 
the e5-pawn weakness. } ( 17. ... Nd7 18. Nxd5 exd5 19. Bxd5 Ndb8 20. b4 
a6 21. Rc4 Ra7 22. Qf3 Qe8 23. Bh6 Kh8 24. Bd2 Bd8 25. Bc3 Ne7 {0-1(128) 
Gufeld, Eduard (2500) - Palatnik, Semon (2405) / URS Ch FL (16), Tbilisi 
GEO 1973} ) 18. Qd2 ( 18. Nxd5!? exd5 19. Bxg5 Qxg5 20. Bxd5 Kh8! 21. Rc4 
a5! 22. e6 fxe6 23. Rxe6 Nd8 24. f4 Qg3 25. Re7 Ra6 {0-1(33) Kavalek, 
Lubomir (2625) - Schmid, Lothar (2550) / Nice ol (Men) fin-A (1), Nice FRA
1974} ) 18. ... Bxf4 19. Qxf4 a5 20. a3 ( 20. Ne2 Nd7 21. Nd4 Nxd4 22. 
Qxd4 c6 23. a3 Rb8 24. b4 axb4 25. axb4 f6! =+ ) 20. ... Ne7! 21. Bg4 Ng6 
22. Qa4 c6 23. f4 Qc7 24. Qd4 Nd7 25. Na4 Rab8 26. Rc3 Rb7 27. Kh1 Qb8 28.
 Qe3 Kh8! {Preparing to hit the white center with f7-f6. } 29. g3 Ne7 30. 
h4 Re8 31. Bd1 f6! =+ 32. exf6 Nxf6 33. Bc2 Nf5 34. Qd2 Rbe7 35. Rf3 Nh6 
36. Qxa5 e5 37. fxe5 Rxe5 38. Rxe5 Qxe5 39. Qc3 d4 40. Qd3 Nhg4 41. Kg1 
Qd5 42. Nb6 Re1+ 43. Kg2 Qe6 44. Bd1 Ne3+ 45. Rxe3 dxe3 46. Be2 Qe4+ 47. 
Qxe4 Nxe4 48. Kf3 Nc3 49. Kxe3 Nxe2 50. Kf2 Ra1 51. Kxe2 Rxa3 -+ 52. Kf3 
Rxb3+ 53. Kf4 Rc3 54. Nd7 Kg8 55. g4 Kf7 56. Ne5+ Ke6 57. Nxc6 Rc4+ 58. 
Kg3 Rxc5 59. Nd4+ Ke5 60. Nf3+ Ke4 61. Nd2+ Ke3 62. Nf3 Rc3 63. Ng5 h6 64.
 Ne6 Ke4+ 65. Kg2 g6 0-1